Multiple Choice City Quiz - Morgantown - Statistics

General Stats
  • This quiz has been taken 17 times
  • The average score is 5 of 10
Answer Stats
Question Answer % Correct
What State is Morgantown in? West Virginia
86%
River that Morgantown sits near Monongahela
71%
Morgantown holds this University West Virginia
71%
What County is Morgantown in? Monongalia
57%
What elevation does Morgantown sits at? 901'
43%
10 miles south of Morgantown, what lake will you find Cheat
43%
Who was Morgantown named after? Zackquill Morgan
43%
Population of Morgantown 30k
36%
What is the oldest house in Morgantown Old Stone House
29%
When was Morgantown founded 1785
0%
No matching quizzes found
Score Distribution
Percent of People with Each Score
Percentile by Number Answered
Your Score History
You have not taken this quiz